Państwa Świata - 20 minut - Statystyki

Ogólne statystyki
  • Ten quiz został rozwiązany 2 117 razy
  • Średni wynik to 146 z 196
Odpowiedzi na mapie
Odpowiedzi zakodowano w zielono-czerwonej skali na mapie do tego quizu, zgodnie z poniższymi procentami.
 
Statystyki odpowiedzi
Kraj % Poprawnych
Stany Zjednoczone
96%
Kanada
95%
Francja
93%
Meksyk
93%
Polska
93%
Rosja
93%
Australia
92%
Brazylia
92%
Chiny
92%
Czechy
92%
Dania
92%
Hiszpania
92%
Niemcy
92%
Portugalia
92%
Ukraina
92%
Argentyna
91%
Białoruś
91%
Finlandia
91%
Litwa
91%
Norwegia
91%
Słowacja
91%
Szwecja
91%
Wielka Brytania
91%
Włochy
91%
Austria
90%
Egipt
90%
Estonia
90%
Grecja
90%
Irlandia
90%
Islandia
90%
Japonia
90%
Korea Północna
90%
Korea Południowa
90%
Łotwa
90%
Turcja
90%
Belgia
89%
Chile
89%
Holandia
89%
Indie
89%
Rumunia
89%
Słowenia
89%
Szwajcaria
89%
Albania
88%
Bułgaria
88%
Chorwacja
88%
Irak
88%
Iran
88%
Kazachstan
88%
Węgry
88%
Arabia Saudyjska
87%
Bośnia i Hercegowina
87%
Madagaskar
87%
Indonezja
86%
Kuba
86%
Watykan
86%
Boliwia
85%
Cypr
85%
Czarnogóra
85%
Kolumbia
85%
Kosowo
85%
Luksemburg
85%
Malta
85%
Mołdawia
85%
Mongolia
85%
Niger
85%
Oman
85%
Peru
85%
Republika Południowej Afryki
85%
Serbia
85%
Andora
84%
Nowa Zelandia
84%
Urugwaj
84%
Algieria
83%
Demokratyczna Republika Konga
83%
Izrael
83%
Macedonia Północna
83%
Maroko
83%
Nigeria
83%
Wenezuela
83%
Dominika
82%
Gruzja
82%
Liechtenstein
81%
Tajlandia
81%
Zjednoczone Emiraty Arabskie
81%
Afganistan
80%
Ekwador
80%
Jemen
80%
Kongo
80%
Monako
80%
Paragwaj
80%
San Marino
80%
Tunezja
80%
Armenia
79%
Dominikana
79%
Katar
79%
Pakistan
79%
Panama
79%
Filipiny
78%
Libia
78%
Uzbekistan
78%
Wietnam
78%
Azerbejdżan
76%
Czad
76%
Sudan
76%
Jamajka
75%
Sri Lanka
75%
Tadżykistan
75%
Gwinea
74%
Kenia
74%
Kirgistan
74%
Nepal
74%
Tajwan
74%
Turkmenistan
74%
Zambia
74%
Etiopia
73%
Haiti
73%
Jordania
73%
Kostaryka
73%
Somalia
73%
Syria
73%
Angola
72%
Bangladesz
72%
Liban
72%
Malezja
72%
Papua-Nowa Gwinea
72%
Zimbabwe
71%
Kambodża
70%
Wybrzeże Kości Słoniowej
70%
Gujana
69%
Laos
69%
Sudan Południowy
69%
Mali
68%
Honduras
67%
Bhutan
66%
Malediwy
66%
Republika Zielonego Przylądka
66%
Surinam
66%
Bahamy
65%
Fidżi
65%
Gwatemala
65%
Kuwejt
65%
Salwador
65%
Senegal
65%
Ghana
64%
Gwinea Równikowa
64%
Seszele
64%
Erytrea
63%
Republika Środkowoafrykańska
63%
Tanzania
63%
Uganda
63%
Wyspy Marshalla
63%
Mjanma
62%
Wyspy Świętego Tomasza i Książeca
62%
Botswana
61%
Mozambik
61%
Togo
61%
Belize
60%
Nikaragua
60%
Singapur
60%
Mikronezja
59%
Wyspy Salomona
59%
Lesotho
58%
Rwanda
58%
Gwinea Bissau
57%
Mauretania
57%
Namibia
57%
Bahrajn
56%
Burkina Faso
55%
Gambia
55%
Liberia
55%
Timor Wschodni
55%
Barbados
54%
Kamerun
54%
Benin
53%
Eswatini
53%
Gabon
53%
Kiribati
52%
Mauritius
52%
Saint Lucia
52%
Antigua i Barbuda
51%
Trynidad i Tobago
51%
Dżibuti
50%
Komory
50%
Brunei
48%
Malawi
48%
Burundi
47%
Palau
47%
Saint Kitts i Nevis
47%
Sierra Leone
46%
Tuvalu
46%
Vanuatu
46%
Samoa
45%
Tonga
45%
Nauru
44%
Saint Vincent i Grenadyny
44%
Grenada
42%
Nie znaleziono quizów pasujących do podanych kryteriów
Rozkład punktacji
Procent ludzi z każdym wynikiem
Percentyl według liczby udzielonych odpowiedzi
Twoja historia wyników
Nie rozwiązałeś tego quizu